| Tag |
First Indicator |
Second Indicator |
Subfields |
| LEADER |
00000cam a2200000 a 4500 |
| 001 |
in00000096581 |
| 005 |
20150924084715.0 |
| 008 |
770315s1977 nyua j b 00110 engm |
| 010 |
|
|
|a 77003970
|
| 020 |
|
|
|a 0679204008 :
|c $7.95
|
| 035 |
|
|
|a (OCoLC)02875675
|
| 035 |
|
|
|9 AAK8711AM
|
| 040 |
|
|
|a DLC
|c DLC
|d m.c.
|d OCL
|d TXA
|d UtOrBLW
|
| 049 |
|
|
|a [Curr Col] TXAM
|c [933669]
|
| 050 |
0 |
0 |
|a U311
|b G35
|
| 082 |
0 |
|
|a 623.1/022/8
|
| 100 |
1 |
|
|a Cummings, Richard,
|d 1931-
|
| 245 |
1 |
0 |
|a Make your own model forts & castles /
|c written and illustrated by Richard Cummings [as printed].
|
| 264 |
|
1 |
|a New York :
|b D. McKay,
|c [1977]
|
| 264 |
|
4 |
|c ©1977
|
| 300 |
|
|
|a 122 pages :
|b illustrations ;
|c 24 cm.
|
| 336 |
|
|
|a text
|b txt
|2 rdacontent
|
| 337 |
|
|
|a unmediated
|b n
|2 rdamedia
|
| 338 |
|
|
|a volume
|b nc
|2 rdacarrier
|
| 500 |
|
|
|a Includes index.
|
| 504 |
|
|
|a Bibliography: pages 116-118.
|
| 520 |
|
|
|a Discusses the construction of small-scale forts, castles, and other fortifications for use with miniature soldiers.
|
| 650 |
|
0 |
|a Fortification
|x Models
|x Juvenile literature.
|
| 650 |
|
0 |
|a Castles
|x Models
|x Juvenile literature.
|
| 650 |
|
0 |
|a Military miniatures
|x Juvenile literature.
|
| 650 |
|
1 |
|a Fortification
|x Models.
|
| 650 |
|
1 |
|a Castles
|x Models.
|
| 650 |
|
1 |
|a Military miniatures.
|
| 650 |
|
1 |
|a Models and modelmaking.
|
| 999 |
|
|
|a MARS
|
| 999 |
f |
f |
|s 3dc638e1-708e-38cc-b0d4-f6c7d87a448b
|i ca67387d-a41a-3c64-ba65-3596b7c6d1b9
|t 0
|
| 952 |
f |
f |
|p ric
|a Texas A&M University
|b Rellis Campus
|c Joint Library Facility
|d Remote Storage
|t 0
|e U311 G35
|h Library of Congress classification
|i unmediated -- volume
|m A14806034397
|
| 998 |
f |
f |
|a U311 G35
|t 0
|l Remote Storage
|